Research for dtudy and evalution of yweler rubber clone at experimental block 89 d of chup rubber plntation,( ស្រាវជ្រាវពីការសិក្សា និងវាយតំលៃពូជកៅស៊ូទាំង១២ នៅឡូត៍ពិសោធន៍ ៨៩D ចំការកៅស៊ូជុុប). (Record no. 585)

000 -LEADER
fixed length control field 00695nam a22001577a 4500
003 - CONTROL NUMBER IDENTIFIER
control field OSt
005 - DATE AND TIME OF LATEST TRANSACTION
control field 20150916154723.0
008 - FIXED-LENGTH DATA ELEMENTS--GENERAL INFORMATION
fixed length control field 150916b xxu||||| |||| 00| 0 eng d
040 ## - CATALOGING SOURCE
Transcribing agency RUA
082 ## - DEWEY DECIMAL CLASSIFICATION NUMBER
Classification number AGR SUN 1999 BOO25 Or.1
100 ## - MAIN ENTRY--PERSONAL NAME
9 (RLIN) 610
Personal name SUN, KONG
245 ## - TITLE STATEMENT
Title Research for dtudy and evalution of yweler rubber clone at experimental block 89 d of chup rubber plntation,( ស្រាវជ្រាវពីការសិក្សា និងវាយតំលៃពូជកៅស៊ូទាំង១២ នៅឡូត៍ពិសោធន៍ ៨៩D ចំការកៅស៊ូជុុប).
260 ## - PUBLICATION, DISTRIBUTION, ETC. (IMPRINT)
Place of publication, distribution, etc. phnom phen
Name of publisher, distributor, etc. RUA
Date of publication, distribution, etc. 1999
300 ## - PHYSICAL DESCRIPTION
Extent 126p.
Other physical details ill.
Dimensions 29cm.
942 ## - ADDED ENTRY ELEMENTS (KOHA)
Source of classification or shelving scheme
Koha item type AGR
Holdings
Price effective from Date last seen Permanent Location Not for loan Date acquired Source of classification or shelving scheme Koha item type Lost status Withdrawn status Date last checked out Total Checkouts Shelving location Damaged status Barcode Current Location Full call number
2015-09-162019-06-28Library Block B 2015-09-16 AGR  2019-05-071B025 RUA004145Library Block BAGR SUN 1999 BOO25 Or.1
មជ្ឈមណ្ឌលឯការនៃសាកលវិទ្យាល័យភូមិន្ទកសិកម្មចំការដូង

Powered by Koha